000 01478cam a2200361 a 4500
001 15510736
003 OSt
005 20160419143750.0
008 081104s2009 ncua b 001 0aeng
010 _a 2008047784
015 _aGBA915852
_2bnb
016 7 _a014904441
_2Uk
020 _a9780786436989 (pbk. : alk. paper)
020 _a0786436980 (pbk. : alk. paper)
040 _aSEKU
042 _alcac
043 _an-usa--
050 0 0 _aPS 3537
_b.S7
082 0 0 _a811/.54
_aB
_222
100 1 _aStill, James,
_d1906-2001.
245 1 0 _aJames Still in interviews, oral histories and memoirs /
_cedited by Ted Olson.
260 _aJefferson, N.C. :
_bMcFarland,
_c2009.
300 _aviii, 312 p. :
_bill. ;
_c23 cm.
490 1 _aContributions to southern Appalachian studies ;
_v23
504 _aIncludes bibliographical references and index.
520 _a"This work collects transcribed versions of virtually all the interviews and oral histories ever conducted with James Still, along with numerous memoirs in which leading voices in the Appalachian studies movement memorably express their appreciation for Still and his literary legacy"--Provided by publisher.
600 1 0 _aStill, James,
_d1906-2001
_vInterviews.
650 0 _aAmerican literature
_zAppalachian Region
_vBiography.
651 0 _aAppalachian Region
_xIntellectual life.
700 1 _aOlson, Ted.
830 0 _aContributions to southern Appalachian studies ;
_v23.
942 _2lcc
_cGEN
999 _c12813
_d12813